| 000 | 02189cam a2200493Ma 4500 | ||
|---|---|---|---|
| 003 | PE-LiUPU | ||
| 005 | 20250731172850.0 | ||
| 008 | 060810s2006 vtu b 000 0 eng d | ||
| 020 | _a1580233023 | ||
| 020 | _a9781580233026 | ||
| 035 | _a(Sirsi) i9781580233026 | ||
| 040 |
_aMC2 _bspa _cMC2 _dOCLCQ _dOCLCF _dOCLCO _dOCLCQ _dPE-LiUPU |
||
| 049 | _aPRUA | ||
| 082 | 0 | 0 |
_a296.43 _bO44 _222 |
| 100 | 1 |
_aOlitzky, Kerry M., _eautor. |
|
| 245 | 1 | 0 |
_aJewish holidays : _bA brief introduction for Christians / _cKerry M. Olitzky and Daniel Judson. |
| 264 |
_aWoodstock, VT : _bJewish Lights Pub., _c2006. |
||
| 300 |
_axv, 150 páginas ; _c22 centímetros. |
||
| 336 |
_atext _btxt _2rdacontent |
||
| 337 |
_aunmediated _bn _2rdamedia |
||
| 338 |
_avolume _bnc _2rdacarrier |
||
| 504 | _aBibliografía : páginas 149-150. | ||
| 505 | 0 | _aRosh Hashanah : embracing the new year with awe and self-reflection -- Yom Kippur : atoning for sins and renewing life -- Sukkot : building huts and enjoying the harvest -- Simchat Torah : rejoicing in the Torah -- Hanukkah : lighting candles in the darkness -- Purim : merry-making for a story of redemption -- Pesach/Passover : celebrating the journey from slavery to freedom -- Shavuot : remembering the giving of the Torah -- Tisha B'av and other special days -- A final note to the reader -- Jewish holidays through the year -- Jewish denominations. | |
| 526 | _aSEG42 | ||
| 526 | _aSEG41 | ||
| 526 | _aSEG40 | ||
| 526 | _aSEG39 | ||
| 526 | _aP94 | ||
| 526 | _aP87 | ||
| 526 | _aP86 | ||
| 526 | _aP85 | ||
| 526 | _aP77 | ||
| 526 | _aP76 | ||
| 526 | _aP35 | ||
| 650 | 0 |
_aAyuno y abstinencia _xJudaismo. |
|
| 700 | 1 |
_aJudson, Daniel, _eautor. |
|
| 910 |
_jck _bhop _chop _d20160607 |
||
| 942 |
_2ddc _cBOOK |
||
| 949 |
_a296.43 O44 _wDEWEY _c1 _i73257 _lCCODEBUL1 _mBUL _p5.00 _r0 _sY _tBOOK _u2016-6-7 _xTEOLOGIA _PP85 _0COMPRA _o.STAFF. Posgrado |
||
| 994 |
_aC0 _bPEPRU |
||
| 596 | _a1 | ||
| 999 |
_a296.43 O44 _wDEWEY _c9799 _i73257 _f2021-11-11 _g5 _lCCODEBUL1 _mBUL _p5.00 _r0 _sY _tBOOK _u2016-6-7 _xTEOLOGIA _PP85 _0COMPRA _o.STAFF. Posgrado _d9799 |
||
| 980 |
_81 _gALBERTO SANCHEZ Responsable de Automatización |
||